Least Guessed U.S. States - Whammies - Statistics

General Stats
  • This quiz has been taken 137 times
  • The average score is 4 of 13
Answer Stats
% Guessed State % Correct
61 Vermont
53%
62 New Hampshire
50%
62 Iowa
46%
63 Nebraska
42%
63 Delaware
39%
59 Missouri
36%
60 Connecticut
26%
64 Indiana
18%
62 Maryland
18%
61 Wisconsin
17%
65 Oklahoma
15%
60 Massachusetts
14%
63 Minnesota
8%
No matching quizzes found
Score Distribution
Percent of People with Each Score
Percentile by Number Answered
Your Score History
You have not taken this quiz